000 02956cam a2200553 i 4500
001 1487
005 20230828151850.0
008 190716r20182017nyuab j 000 1 eng d
020 _a978910989449
040 _aYDX
_beng
_cYDX
_erda
_dBTCTA
_dBDX
_dCHILD
_dSMDRL
_dOI6
_dSRC
_dTXLBH
_dUAB
_dIGA
_dOCLCF
_dNYP
_dVP@
_dT3B
_dEHH
_dDYJ
_dOCLCQ
_dDEERP
_dUIU
_dLIBLM
_dAZD
_dOCLCO
_dUNITY
_dYU2
_dCNEDM
_dAZT
_dJTQ
_dKCP
_dIOS
_dMNM
_dWLM
_dMCW
_dGBX
_dEZC
_dFNN
_dB@L
_dIAD
_dDUD
_dTEU
_dFLM
_dCNCAR
_dJTO
_dONT
_dMJ8
_dFSP
_dDPL
_dIPL
_dJSE
_dHCO
_dZAC
_dUPM
_dG8V
_dOJ4
_dJRU
_dTD7
_dIJ5
_dKAA
_dUOK
_dEYB
_dT7L
_dCREBL
_dMQP
_dTXHLC
_dCNCBE
_dMOU
_dON8
_dOY4
_dCNWPU
_dAZH
_dRCL
_dSDL
_dFX8
_dBUDAP
_dSPP
_dTOP
_dIUK
_dOCLCQ
_dOCLCO
_dNJB
_dYU6
_dCRP
_dWYG
_dNQN
_dWC$
_dMLSOD
_dNZLEP
_dOCLCQ
_dIV5
_dOQ8
_dOCLCO
_dKGI
_dTXENN
_dOCLCO
_dMWD
_dKVB
_dOCLCO
_dLMJ
_dOCLCO
_dLKC
_dXOL
_dOCLCO
_dFMA
_dOCLCO
_dUNL
_dJVM
_dLE8
_dOCLCO
_dBYV
_dOCLCO
_dZQP
_dOCLCO
_dTXSVP
_dDLC
050 0 0 _aPZ7.E8886
_bWe 2018
082 0 4 _a823.92
_223
100 1 _aEvans, Lissa,
_eauthor.
245 1 0 _aWed wabbit /
_cLissa Evans ; [map illustration, Tomislav Tomic].
246 1 _iAlso known as:
_aRed rabbit
250 _aFirst edition.
260 _bClays, Ltd , St Ives plc.
300 _a242 pages :
_billustrations ;
_c22 cm
500 _aOriginally published in the United Kingdom in 2017 by David Fickling Books.
505 _aW
520 _aYou're called Fidge and you're nearly 11. You've been hurled into a strange world. You have three companions: two are unbelievably weird and the third is your awful cousin Graham. You have to solve a series of nearly impossible clues. You need to deal with a cruel dictator and three thousand Wimbley Woos (yes, you read that sentence correctly). And the whole situation - the whole, entire thing - is your fault.
521 _a870
_bLexile
521 _aW
_bRaz-Plus
650 0 _aCousins
_vJuvenile fiction.
650 0 _aImaginary places
_vJuvenile fiction.
650 1 _aCousins
_vFiction.
650 1 _aImaginary places
_vFiction.
650 4 _aHumorous fiction.
650 4 _aImaginary places
_vFiction.
650 4 _aCousins
_vFiction.
650 7 _aJUVENILE FICTION
_xAction & Adventure.
_2bisacsh
650 7 _aJUVENILE FICTION
_xFamily.
_2bisacsh
650 7 _aJUVENILE FICTION
_xHumorous Stories.
_2bisacsh
650 7 _aCousins.
_2fast
_0(OCoLC)fst00881894
650 7 _aImaginary places.
_2fast
_0(OCoLC)fst00967571
650 7 _aSoft toys
_vFiction.
_2sears
650 7 _aMonsters
_vFiction.
_2sears
655 4 _aHumorous fiction.
655 7 _aFiction.
_2fast
_0(OCoLC)fst01423787
655 7 _aHumorous fiction.
_2fast
_0(OCoLC)fst01726649
655 7 _aJuvenile works.
_2fast
_0(OCoLC)fst01411637
655 7 _aHumorous fiction.
_2gsafd
655 7 _aHumorous fiction.
_2lcgft
655 7 _aAdventure fiction.
_2sears
655 7 _aHumorous fiction.
_2sears
700 1 _aTomic, Tomislav,
_eillustrator.
906 _a7
_bcbc
_ccopycat
_d2
_encip
_f20
_gy-gencatlg
942 _2ddc
_cBK
_n0
999 _c1487
_d1487